| 000 | 00538nam a22001817a 4500 | ||
|---|---|---|---|
| 010 | _aENG-120860 | ||
| 020 |
_a8171021816 _c650.00 |
||
| 035 | _aEN-104392 | ||
| 037 | _bDBAD/PUB | ||
| 082 | _a871.01 | ||
| 100 | _aRay,Sutapa | ||
| 245 |
_aA relatively real world : _bputnam versus rorty / _cby Sutapa Ray |
||
| 260 |
_aKolkata _bFirma KLM _c2016 |
||
| 270 | _a275B,B.B.Ganguly Street | ||
| 300 |
_axxxxxxv,416p. _bill. _c22cm(H.b) |
||
| 500 | _aIncludes bibliographical references | ||
| 942 |
_2ddc _cEN _h871.01 _mRAY |
||
| 999 |
_c145497 _d145497 |
||